| 000 | 00404nam a2200133Ia 4500 | ||
|---|---|---|---|
| 008 | 250506s9999 xx 000 0 und d | ||
| 024 | _a01B-29-BCS3Y & 01B-12-BCS3Y | ||
| 082 | _a004.6072 HAM | ||
| 100 | _aHammad Ali Khan & Shariq Raees Siddiqui | ||
| 245 | 0 | _aConceptual Model of an ISP | |
| 260 |
_aKarachi: _bUIT, _c2001 |
||
| 600 | _aComputer Science | ||
| 650 | _aBachelor of Computer Science (BS) | ||
| 999 |
_c27371 _d27371 |
||